[Event "GER-ch Net qual1 U18"]
[Site "Playchess.com INT"]
[Date "2009.05.10"]
[Round "1"]
[White "Zeldin, Leonid"]
[Black "Berger, Felix Julian"]
[Result "1-0"]
[WhiteElo "2104"]
[BlackElo "1751"]
[PlyCount "99"]
[EventDate "2009.05.10"]
[EventType "swiss (blitz)"]
[EventRounds "7"]
[EventCountry "GER"]
[SourceTitle "CBM 130 Extra"]
[Source "ChessBase"]
[SourceDate "2009.07.02"]
[SourceVersion "2"]
[SourceVersionDate "2009.07.15"]
[SourceQuality "1"]

1. e4 c5 2. Nf3 Nc6 3. Bb5 g6 4. 0-0 Bg7 5. c3 e6 6. d4 cxd4 7. cxd4 a6 8. Ba4 b5 9. Bc2 Nge7 10. d5 Nb4 11. d6 Nec6 12. Bb3 Na5 13. e5 Nxb3 14. Qxb3 Nc6 15. Re1 0-0 16. Nc3 Qa5 17. Bd2 Qb4 18. Qc2 Nd4 19. Nxd4 Qxd4 20. Re4 Qc5 21. Be3 Qc6 22. Qd2 Rb8 23. f3 b4 24. Ne2 Qb5 25. Nd4 Qd5 26. Bh6 Bxe5 27. Bxf8 Kxf8 28. Rd1 Qxd6 29. Qh6+ Kg8 30. Rh4 Bb7 31. Qxh7+ Kf8 32. Qh6+ Kg8 33. Qd2 Bg7 34. Nb3 Qb6+ 35. Kh1 d5 36. Rc1 a5 37. Nc5 Rc8 38. Nd3 Rxc1+ 39. Qxc1 Ba6 40. Nc5 Bc4 41. Na4 Qf2 42. Rh3 Bf1 43. Rg3 Bd4 44. Rxg6+ fxg6 45. Qc8+ Kh7 46. Qc7+ Kh6 47. Qf4+ g5 48. Qf8+ Kh5 49. g4+ Kh4 50. Qh6# 1-0